=LDR 00000nam 2200000 4500 =001 INLIS000000000026797 =005 20130612125223 =008 ***********************************ind** =035 ##$$0010-061300000026797 =041 ##$$a ind =082 ##$$a 510.021 =090 ##$$a 510.021, RAN r =245 ##$$a Rangkuman rumus matematika dan fisika SMP, Redaksi Kawan Pustaka; penyunting, Tajudin =260 ##$$a 2005 $b Jakarta =300 ##$$a vi, 84 hlm., ilus., 19 cm =650 ##$$a Matematika =650 ##$$a Rumus =700 ##$$a Tajudin =850 ##$$a NBPNMAT